<?xml version="1.0" encoding="UTF-8"?>
<record
    xmlns:xsi="http://www.w3.org/2001/XMLSchema-instance"
    xsi:schemaLocation="http://www.loc.gov/MARC21/slim http://www.loc.gov/standards/marcxml/schema/MARC21slim.xsd"
    xmlns="http://www.loc.gov/MARC21/slim">

  <leader>00858nam a2200217Ia 4500</leader>
  <controlfield tag="003">IN-BaIIA</controlfield>
  <controlfield tag="008">211028s9999    xx            000 0 eng d</controlfield>
  <datafield tag="020" ind1=" " ind2=" ">
    <subfield code="a">3-540-55554-4</subfield>
  </datafield>
  <datafield tag="040" ind1=" " ind2=" ">
    <subfield code="c">IIA Library</subfield>
  </datafield>
  <datafield tag="080" ind1=" " ind2=" ">
    <subfield code="a">524.64(082.1)</subfield>
    <subfield code="b">PHY</subfield>
  </datafield>
  <datafield tag="111" ind1=" " ind2=" ">
    <subfield code="a">International Conference Physics of Active Galactic Nuclei</subfield>
    <subfield code="c">Heidelberg</subfield>
    <subfield code="d">1991&#xA0;June 3-7</subfield>
    <subfield code="9">18102</subfield>
  </datafield>
  <datafield tag="245" ind1=" " ind2="0">
    <subfield code="a">Physics of active galactic nuclei</subfield>
    <subfield code="b">proceedings of the International conference, Heidelberg, 3-7 June 1991&#xA0;</subfield>
    <subfield code="c">edited by W. J. Duschl and S. J. Wagner                                               </subfield>
  </datafield>
  <datafield tag="260" ind1=" " ind2=" ">
    <subfield code="a">Berlin</subfield>
    <subfield code="b">Springer-Verlag</subfield>
    <subfield code="c">1992</subfield>
  </datafield>
  <datafield tag="300" ind1=" " ind2=" ">
    <subfield code="a">xviii, 716p.</subfield>
  </datafield>
  <datafield tag="650" ind1=" " ind2=" ">
    <subfield code="a">Active galactic nuclei</subfield>
    <subfield code="9">6209</subfield>
  </datafield>
  <datafield tag="650" ind1=" " ind2=" ">
    <subfield code="a">Astronomy and astrophysics thesaurus</subfield>
  </datafield>
  <datafield tag="650" ind1=" " ind2=" ">
    <subfield code="a">Galactic nuclei</subfield>
    <subfield code="9">3453</subfield>
  </datafield>
  <datafield tag="700" ind1=" " ind2=" ">
    <subfield code="a">Duschl, W. J., ed.</subfield>
    <subfield code="9">17408</subfield>
  </datafield>
  <datafield tag="700" ind1=" " ind2=" ">
    <subfield code="a">Wagner, S. J., ed.</subfield>
    <subfield code="9">17409</subfield>
  </datafield>
  <datafield tag="942" ind1=" " ind2=" ">
    <subfield code="c">BK</subfield>
  </datafield>
  <datafield tag="999" ind1=" " ind2=" ">
    <subfield code="c">10614</subfield>
    <subfield code="d">10614</subfield>
  </datafield>
  <datafield tag="952" ind1=" " ind2=" ">
    <subfield code="0">0</subfield>
    <subfield code="1">0</subfield>
    <subfield code="4">0</subfield>
    <subfield code="7">0</subfield>
    <subfield code="a">BAN</subfield>
    <subfield code="b">BAN</subfield>
    <subfield code="c">GEN</subfield>
    <subfield code="d">1993-03-10</subfield>
    <subfield code="g">4001.80</subfield>
    <subfield code="l">1</subfield>
    <subfield code="o">524.64(082.1)/ PHY</subfield>
    <subfield code="p">11525</subfield>
    <subfield code="r">2025-05-07</subfield>
    <subfield code="s">2025-05-05</subfield>
    <subfield code="v">4001.80</subfield>
    <subfield code="w">1993-03-10</subfield>
    <subfield code="y">BK</subfield>
    <subfield code="G">Rs. 4001.80</subfield>
  </datafield>
</record>
